Catalog

Record Details

Catalog Search



The Hymns of Qumran : Translation  and Commentary / Bonnie Pedrotti Kittel Cover Image Book Book

The Hymns of Qumran : Translation and Commentary / Bonnie Pedrotti Kittel

Kittel, Bonnie Pedrotti (Author). : : (Author).

Record details

  • ISBN: 0-89130-397-9
  • Physical Description: 222 s.
  • Publisher: Chico, California : Scholars Press , 1980.

Available copies

  • 1 of 1 copy available at Common Catalog SPOK.

Holds

  • 0 current holds with 1 total copy.
Show Only Available Copies
Location Call Number / Copy Notes Barcode Shelving Location Status Due Date
ETS Library 296.155 424470015528 Volný výběr Available -

LDR 00773nam a2200265 i 4500
00141298
003CZ-PrJAB
00520170609111341.0
007ta
008 s1980 xr e 000 0 cze
020 . ‡a0-89130-397-9
035 . ‡a(CONS)12846
040 . ‡aABG450 ‡bcze ‡erda
072 7. ‡2Konspekt
082 . ‡a296.155
1001 . ‡aKittel, Bonnie Pedrotti
1112 . ‡n: ‡d:
24510. ‡aThe Hymns of Qumran : Translation and Commentary / ‡bBonnie Pedrotti Kittel
264 1. ‡aChico, California : ‡bScholars Press , ‡c1980.
300 . ‡a222 s.
336 . ‡atext ‡btxt ‡2rdacontent
338 . ‡asvazek ‡bnc ‡2rdacarrier
4901 . ‡aSociety of Biblical Literature, ‡xN. 50
8524 . ‡bETS ‡bETS ‡cVolný výběr ‡j296.155 ‡p424470015528 ‡y$50.00
910 . ‡aABG450
999 . ‡a12846 ‡c12846 ‡tbiblio
905 . ‡uadmin
901 . ‡a41298 ‡b ‡c41298 ‡tbiblio ‡sets

Additional Resources